| 000 | 00411pab a2200157 454500 | ||
|---|---|---|---|
| 008 | 180718b1990 xxu||||| |||| 00| 0 eng d | ||
| 100 | _aFry, Geoffrey K.(Univ. of Leed | ||
| 245 | _aThe Fulton Committee and the "preference for relevance issue | ||
| 260 | _c1990 | ||
| 300 | _a175-90 | ||
| 362 | _aSummer | ||
| 650 | _aCivil Service - U.K. | ||
| 700 | _as) | ||
| 773 | _aPublic Administration | ||
| 909 | _a6095 | ||
| 999 |
_c6095 _d6095 |
||